000 00300nam a22001337a 4500
008 171030b xxu||||| |||| 00| 0 eng d
020 _a9780324533460
041 _aeng
080 _a336
100 _a56
101 _aFIN
245 _aFINANCE 221 CORPORATE FINANCE
_cBRIGHAM.S
942 _2udc
_cBK
999 _c36350
_d36350